000 00795cam a22002773a 4500
001 7454
003 PGUSA
005 20140828083145.0
008 050201s2005||||xxu|||||s|||||000 | eng d
040 _aPGUSA
_beng
042 _adc
050 4 _aPL
100 1 _aYan, Zhitui,
_d531-591
245 1 0 _a顔氏家訓 — Volume 01 and 02
_h[electronic resource] /
_cZhitui Yan
260 _bProject Gutenberg,
_c2005
506 _aPublic domain in the USA.
516 _aElectronic text
653 _aChinese classics -- Bibliography
653 _aConduct of life
653 _aEthics -- China
653 _aPhilosophers -- China
740 0 _aYan Shi Jia Xun — Volume 01 and 02
830 0 _aProject Gutenberg
_v7454
856 4 0 _uhttp://www.gutenberg.org/ebooks/7454
942 _cEB
999 _c236774
_d236774